History of Medival Vaishnavism in Orissa (Record no. 6641)

MARC details
000 -LEADER
fixed length control field 00691nam a2200277 a 4500
020 ## - INTERNATIONAL STANDARD BOOK NUMBER
ISBN
082 00 - DEWEY DECIMAL CLASSIFICATION NUMBER
Classification number 294.5512
Author Cutter MUK
100 ## - MAIN ENTRY--AUTHOR NAME
Author name Mukherjee, Prabhat
245 ## - TITLE STATEMENT
Title History of Medival Vaishnavism in Orissa
260 ## - PUBLICATION, DISTRIBUTION, ETC. (IMPRINT)
Place of publication Delhi
Name of publisher Asian Educational Services
Year of publication 1981
300 ## - PHYSICAL DESCRIPTION
Number of Pages 200p
500 ## - GENERAL NOTE
General note includes index and biblioraphy
505 2# - FORMATTED CONTENTS NOTE
Formatted contents note Index
650 ## - SUBJECT ADDED ENTRY--TOPICAL TERM
Topical Term Vaishnavism
650 ## - SUBJECT ADDED ENTRY--TOPICAL TERM
Topical Term Jagannath-Temple
650 ## - SUBJECT ADDED ENTRY--TOPICAL TERM
Topical Term Jagannath
650 ## - SUBJECT ADDED ENTRY--TOPICAL TERM
Topical Term Orissa-Vaishnavism
942 ## - ADDED ENTRY ELEMENTS (KOHA)
Koha item type Books
700 1# -
-- Mukherjee, Prabhat
Holdings
Collection code Home library Current library Date acquired Cost, normal purchase price Full call number Accession Number Koha item type
  Henry Martyn Institute Library Henry Martyn Institute Library 07/25/2007 65.00 294.5512 MUK 014508 Books
                   Copyright © 2026 | Henry Martyn Institute | Hyderabad | TS-500052 | INDIA | Implemented by hmi.edu.in
Hit-Count:

Powered by Koha